000 00580nam a22002057a 4500
001 BD-DhSAU 6791
003 BD-DhSAU
005 20150513153611.0
008 150513b1993 bg a|||| |||| 00| 0 eng d
040 _aBD-DhSAU
082 _222
_a632.7
_bSHP
100 _aShahjahan, A. K. M.
245 _aPractical approaches to crop pest and diseases management in Bangladesh /
_cA. K. M. Shahjahan
260 _aDhaka :
_bBARC ,
_cc1993.
300 _a166 p. :
_bill. ;
_c25 cm.
590 _aJerin
650 _aEntomology
650 _adiseases management
651 _aBangladesh
942 _2ddc
_cBOOK
999 _c6791
_d6791